000 00466nab a2200145Ia 4500
003 ES-SlBCS
005 20210601134615.0
008 140529s1990 xxu||||| |||| 00| 0 spa d
041 _aspa
100 1 _aAngulo R., Rafael
_9220349
245 0 0 _aVinculación entre la andrología y la educación popular: Un problema filosófico
_c Rafael Angulo R.
650 0 4 _aAndrología
_9220350
773 0 _tAnthropos
_gvol. 11, nº. 20, 1990, págs. 55-62
_wRev38
942 _cAR
999 _c615176
_d615176